000 00547nam a22002057a 4500
001 14591
003 BD-RjUL
005 20211208235645.0
008 140206r20011997ii ||||| |||| 00| 0 eng d
035 _a(BD-RjUL)14644
040 _aBD-RjUL
_beng
_cBD-RjUL
_dBD-RjUL
041 _aeng
082 _a 638.2
_bARP 2001
100 _aAruga , Hisao
_945485
245 _aPrinciples of sericulture /
260 _aRotterdam :
_bA.A. Balkema,
_c1994.
300 _axvi, 376 p. :
_bill. ;
_c25 cm
650 _aSericulture
_9124466
942 _2ddc
_cBK
999 _c14591
_d14591